1367 1269 1800 1660 1202 1043 1322 1080 1848 1380 1307 1080 1962 1289 1561 1564 1097 1621 1090 1413 1617 1951 1484 1682 1722 1741 1832 1680 1121 1918 1799 1611 1314 1793 1512 1698 1662 1068 1679 1479 1812 1429 1041 1436 1077 1847 1836 1772 1689 1555 1771 1329 1902 1580 1147 1980 1278 1602 1517 1483 1392 1469 1787 1379 1806 1676 1187 1009 1403 1668 1647 1509 1056 1245 1148 1167 1057 1770 1878 1320 1082 1259 1001 1358 1858 1956 1674 1429 1575 1304 1402 1265 1107 1304 1183 1668 1620 1536 1196 BCNSPRNW ULIB Ver.6.0+V

เปลี่ยนเป็นภาษาไทย

Change to English
 แสดงรายละเอียดบรรณานุกรม
  กลับหน้าหลัก

Brief Record : Get Marc (ISO 2709) : E-mail record : QR code < ปิดหน้าต่าง
LEADER : 00000nam 2200000uu 4500
001    13399113656
003     ULIB
008    111213s2546||||th 000 0 tha d
020    ^a9749656024
090    ^aนว.^bร930ฮ ล.5 2546
100 0  ^aโรว์ลิ่ง, เจ.เค.
245 00 ^aแฮร์รี่ พอตเตอร์ กับห้องแห่งความลับ เล่ม 2/^cโรว์ลิ่ง, เจ.เค.
250    ^aพิมพ์ครั้งที่ 1
260    ^aกรุงเทพฯ :^bนานมีบุ๊คส์,^c2546
300    ^a1048 หน้า
710 1  ^aนานมีบุ๊คส์
945    ^p495^l0^i14050
995    ^aกัณชพร
999 ^a ใช้งานได้ทุกระบบ
รายการนี้ยังไม่มีแท็ก
คุณยังไม่ได้ล็อกอิน คุณสามารถมีกิจกรรมร่วมกับเว็บไซต์ได้ แต่ต้องล็อกอินก่อน ::
  ล็อกอิน

รายการสื่อสารสนเทศ

ลำดับที่ ประเภท เลขเรียก/บาร์โค้ด สถานที่ สถานะ
- ไม่พบข้อมูล -

รายการใกล้เคียง
    ผู้แต่ง [โรว์ลิ่ง, เจ.เค.]

BibComment


ยังไม่เคยถูกคอมเมนท์

คอมเมนท์ทรัพยากรรายการนี้
  คอมเมนท์: แฮร์รี่ พอตเตอร์..


 Copyright 2026. Bcnsprnw @Library